000 00650nam a2200241Ia 4500
003 OSt
005 20221007101313.0
006 a|||||r|||| 00| 0
007 ta
008 221006b |||||||| |||| 00| 0 eng d
024 _a6,213
037 _cTextual
040 _aLCO
_cLCO
_beng
041 _2eng
_aeng
082 _aW62.1, L3
100 _aROWAT DONALD C
_9477501
245 0 _aThe Government of Federal Capitals.
260 _aLondon
_bUniversity of Tornoto Press
_c1973
300 _a377
650 _aGOVERNMENT
_9702413
942 _hW62.1, L3
_cTEXL
999 _c1175776
_d1175776